Promotional management Issues and Perspectives
Saved in:
| Main Author: | |
|---|---|
| Other Authors: | , |
| Format: | Book |
| Language: | English |
| Published: |
New Jersey
Prentice Hall
1988
|
| Edition: | 1. ed. |
| Subjects: | |
| Tags: |
No Tags, Be the first to tag this record!
|
MARC
| LEADER | 00000nam a2200000 4500 | ||
|---|---|---|---|
| 001 | c001023 | ||
| 005 | 20221219121205.2 | ||
| 020 | |a 0-13-731035-8 | ||
| 041 | 0 | |a eng | |
| 044 | |a US | ||
| 245 | 1 | 0 | |a Promotional management |b Issues and Perspectives |c Norman A.P. Govoni, Robert J. Eng, Galper Morton |
| 250 | |a 1. ed. | ||
| 264 | 1 | |a New Jersey |b Prentice Hall |c 1988 | |
| 300 | |a 305 s. | ||
| 610 | 2 | 0 | |a manažment |
| 610 | 2 | 0 | |a predaj |
| 610 | 2 | 0 | |a reklama |
| 610 | 2 | 0 | |a marketing |
| 610 | 2 | 0 | |a komunikácia |
| 610 | 2 | 0 | |a spotrebitelia |
| 610 | 2 | 0 | |a správanie |
| 610 | 2 | 0 | |a práca s verejnosťou |
| 610 | 2 | 0 | |a propagácia |
| 610 | 2 | 0 | |a koncepcie |
| 610 | 2 | 0 | |a psychológia predaja |
| 100 | 1 | |a Govoni, Norman A.P. | |
| 700 | 1 | |a Eng, Robert J. | |
| 700 | 1 | |a Morton, Galper | |